LIBRARY & INFORMATION CENTRE, KCAET, TAVANUR

ONLINE PUBLIC ACCESS CATALOGUE (OPAC)

Development and performance evaluation of a windrower unit for KAU root crop harvester (Record no. 17512)

MARC details
000 -LEADER
fixed length control field 00425nam a22001457a 4500
003 - CONTROL NUMBER IDENTIFIER
control field OSt
082 ## - DEWEY DECIMAL CLASSIFICATION NUMBER
Classification number 631.3
Item number SUR/DE
088 ## - REPORT NUMBER
Report number T534
100 ## - MAIN ENTRY--AUTHOR NAME
Personal name Suraja, A.R
245 ## - TITLE STATEMENT
Title Development and performance evaluation of a windrower unit for KAU root crop harvester
260 ## - PUBLICATION, DISTRIBUTION, ETC. (IMPRINT)
Place of publication KCAET ,Tavanur
Name of publisher Department of farm machinery and power engineering
Year of publication 2022
300 ## - PHYSICAL DESCRIPTION
Number of Pages 138 p
700 ## - ADDED ENTRY--PERSONAL NAME
Personal name Jayan( guide)
942 ## - ADDED ENTRY ELEMENTS (KOHA)
Koha item type Theses
Holdings
Collection code Home library Current library Shelving location Full call number Accession Number Koha item type Public note
Reference KAUAET KAUAET Reference 631.3 SUR/DE T 534 Theses M.Tech Thesis
free website counter